Azúcar, sal y salud.

Guardado en:
Formato: Deslizar
Series:Educable
Materias:
SAL
Etiquetas: Agregar Etiqueta
Sin Etiquetas, Sea el primero en etiquetar este registro!
LEADER 00897ngm a22002535g 4500
001 CEM.cems022877
008 130507b2008##################0###0#####d
005 20241125183213.0
245 0 0 |a Azúcar, sal y salud. 
300 |a 23'. 
490 0 |a Educable 
500 |a En soporte VHS, consultar en ventanilla. 
505 0 |a El azúcar: procesos de extracción y elaboración. Los caramelos. La sal: extracción y refinerías. Importancia de la sal en el organismo. Hipertensión. El azúcar: peligros y beneficios. 
538 |a Soporte: VHS - Norma: Pal N - Color: Si - Grabación DRD 2008 - Hitachi=1770 
082 6 1 |/ ESQ 
653 |a ANATOMIA 
653 |a FISIOLOGIA 
653 |a AZUCAR 
653 |a SAL 
653 |a SALUD 
653 |a HIPERTENSION 
653 |a NIVEL PRIMARIO 
653 |a NIVEL SECUNDARIO 
859 |a CEMS  |b BIB. CEMS - Depto. Recursos Didacticos  |h 611  |i ESQ  |k DRD  |p 1520.12  |t Ej.1